| 000 | 00821nam a2200265Ia 4500 | ||
|---|---|---|---|
| 003 | OSt | ||
| 005 | 20221002055455.0 | ||
| 006 | a|||||r|||| 00| 0 | ||
| 007 | ta | ||
| 008 | 220930b |||||||| |||| 00| 0 san d | ||
| 020 | _c300 | ||
| 024 | _a107201 | ||
| 037 |
_b543, 15/03/2011, Eastern Book Linkers _cReference Collections |
||
| 040 |
_aCRL _cCRL _bsan |
||
| 041 |
_2san _asan |
||
| 082 | _aQ31:2151, 151P8(RR) | ||
| 100 |
_aPunyavijayaji Ed. _950792 |
||
| 245 | 0 | _aNandisutram | |
| 260 |
_aAhmedabad _bPrakrit Granth Parishad India _c2008 |
||
| 300 |
_a216p. _ccm. |
||
| 500 | _aPrakrit granth parishan granthank; 10 | ||
| 650 | _aRELIGION | ||
| 942 |
_hQ31:2151, 151P8(RR) _cref _2CC |
||
| 999 |
_c927787 _d927787 |
||